000 00310nam a2200097Ia 4500
008 220120s9999||||xx |||||||||||||| ||und||
100 _aMamatha B V and others
_912588
245 0 _aSwitching between deal lans
260 _aCoorg Institute of Technology
_bPonnampet
_c2016
650 _aELECTRONICS AND COMMUNICATIONS
999 _c138186
_d138186